Cinéma - Reliez 100 GIFS au bon film des années 90 - Statistiques

Statistiques générales
  • Ce quiz a été pris 197 fois
  • Le résultat moyen est 42 sur 100
Statistiques - réponses
Hint Réponse % Correct
The Truman Show
81%
Titanic
79%
Fight Club
78%
La Ligne verte
78%
Matrix
78%
Matrix
78%
Fight Club
75%
Le Silence des Agneaux
75%
The Truman Show
75%
Titanic
75%
Fight Club
73%
Forrest Gump
73%
Forrest Gump
72%
Jurassic Park
71%
Titanic
70%
Forrest Gump
69%
Matrix
68%
Seven
67%
Forrest Gump
66%
Jurassic Park
66%
Scream
65%
Fight Club
64%
Forrest Gump
63%
Les Évadés
63%
Jurassic Park
61%
Le Silence des Agneaux
60%
Souviens-toi… l'été dernier
60%
American History X
58%
Independance Day
58%
Heat
53%
La Ligne verte
53%
Fight Club
52%
Jurassic Park
52%
American History X
51%
Jurassic Park
51%
Seven
51%
Seven
51%
La Ligne verte
50%
The Game
50%
GoldenEye
49%
La Ligne verte
49%
The Truman Show
48%
La Ligne verte
46%
Scream
46%
Scream
45%
Souviens-toi… l'été dernier
42%
Titanic
42%
Heat
41%
American History X
40%
American History X
39%
Souviens-toi… l'été dernier
39%
Les Évadés
38%
Seven
38%
Scream
37%
Les Évadés
36%
Les Évadés
36%
Le Silence des Agneaux
36%
Independance Day
35%
Le Pic de Dante
34%
Le Pic de Dante
33%
Souviens-toi… l'été dernier
32%
Heat
31%
Independance Day
30%
Contact
29%
Le Silence des Agneaux
29%
Scream
29%
Souviens-toi… l'été dernier
29%
Matrix
28%
Contact
27%
Matrix
27%
The Game
27%
Heat
26%
Le Pic de Dante
26%
Independance Day
25%
Titanic
25%
GoldenEye
23%
GoldenEye
23%
Independance Day
23%
Le Pic de Dante
23%
The Truman Show
22%
American History X
21%
The Game
21%
The Game
21%
GoldenEye
20%
Le Silence des Agneaux
19%
Contact
18%
Heat
18%
GoldenEye
16%
Le Pic de Dante
16%
Contact
15%
Seven
14%
Urban Legend
14%
Urban Legend
13%
Contact
12%
Les Évadés
12%
The Truman Show
12%
Urban Legend
12%
Urban Legend
11%
Urban Legend
9%
The Game
8%
Aucun quiz correspondant
Distribution des résultats
% des personnes avec chaque résultat
Percentile par nombre de réponses
Votre historique - résultats
Vous n’avez pas pris ce quiz